| 000 | 01326 a2200373 4500 | ||
|---|---|---|---|
| 001 | 200421853 | ||
| 999 |
_c200421853 _d41723 |
||
| 003 | TR-AnTOB | ||
| 005 | 20240907073856.0 | ||
| 008 | 161208s tu 000 0b | ||
| 020 | _a9789754426403 | ||
| 040 |
_aTR-AnTOB _btur _erda |
||
| 041 | 0 | _atur | |
| 050 | 0 | 0 |
_aPL248.R494 _bZ587 2015 |
| 090 | _aPL248.R494 Z587 2015 | ||
| 100 | 1 |
_aDüzgün, Dilaver _eauthor. _9105731 |
|
| 245 | 1 | 0 |
_aReyhani : _bErzurum'un yüzleri / _cDilaver Düzgün ; editör H.Ahmet Kırkkılıç. |
| 264 |
_aErzurum: _bAtatürk Üniversitesi Yayınları, _c2015. |
||
| 300 |
_a67 pages ; _c21 cm |
||
| 336 |
_atext _2rdacontent |
||
| 337 |
_aunmediated _2rdamedia |
||
| 338 |
_avolume _2rdacarrier |
||
| 490 | 0 |
_aAtatürk Üniversitesi Yayınları _v1052 |
|
| 504 | _aBibliography : 62-65. | ||
| 600 | 1 |
_aReyhani, Yaşar, _d1934-2006 _9105732 |
|
| 650 | 0 | 0 |
_aFolk poetry, Turkish _925537 |
| 650 | 7 |
_aHalk şiiri, Türk _2etuturkob _974832 |
|
| 650 | 0 | 0 |
_aŞairler, Türk _y20. yüzyıl _vBiyografi _913931 |
| 650 |
_aPoets, Turkish _y20th century _vBiography _947529 |
||
| 651 | 0 |
_aErzurum İli (Turkey) _vBiography _xBiography. _9105711 |
|
| 651 |
_aErzurum İli (Türkiye) _vBiyografi _xBiyografi. _9105743 |
||
| 700 | 1 |
_aKırkkılıç, H. Ahmet _eeditor. _9105772 |
|
| 942 | _cBK | ||